000 00589nam a22001811a 4500
001 3027
003 OSt
005 20260204211835.0
008 040526s1966||||mx ||||||b||||||||||spa||
050 _a335.4119 A12m
082 _a335.4119 A12m
110 _aAcademia de ciencia de la U.R.S.S. Instituto de Filosofía
245 _aEl materialismo histórico / Academia de Ciencia de la U.R.S.S. Instituto de Filosofía (redacción general)
264 _aMéxico : Grijalbo
650 _a1.Materialismo Histórico 2.Economía 3.Marxismo
700 _aKonstantino F.V.Ì
942 _2ddc
_cBK
999 _c3027
_d3027